| 000 | 00976nas a2200325 4500 | ||
|---|---|---|---|
| 001 | BR0205120 | ||
| 003 | BR-BrBNA | ||
| 005 | 20231205103315.0 | ||
| 007 | ta | ||
| 008 | 230509b bl.|||p| |||| 00| 00por d | ||
| 040 |
_aBR-BrBNA _bpor _cBiblioteca Nacional de Agricultura |
||
| 041 | _a(Pt) | ||
| 072 | _aL73 | ||
| 100 | 1 | _aBrum, M.C. | |
| 100 | 1 | _aScherer, C.F.C. | |
| 100 | 1 | _aFlores, E.F. | |
| 100 | 1 | _aWeiblen, R. | |
| 100 | 1 | _aBarros, C.S.L. de | |
| 100 | 1 | _aLangohr, I.M. | |
| 245 | 1 | _aEnfermidade gastroentérica e respiratória em bezerros inoculados com amostras brasileiras do vírus da diarréia viral bovina tipo 2 (BVDV-2) | |
| 650 | _aBEZERRO | ||
| 650 | _aBOVINO | ||
| 650 | _aDIARRÉIA | ||
| 650 | _aVIRUS | ||
| 650 | _aDOENÇA ANIMAL | ||
| 650 | _aVETERINÁRIA | ||
| 773 | 0 |
_tCiência Rural (Brazil) _xISSN 0103-8478 _g(Sep-Oct 2002), v. 32(5) p. 813-820 _wBR0205120 |
|
| 909 |
_a202311 _bLúcia _c55 _dLúcia Elande |
||
| 942 |
_2AGRIS _n0 _cANA |
||
| 999 |
_c172186 _d172186 |
||